[Event "Rubistein"]
[Site "SchemingMind.com"]
[Date "2012.03.27"]
[Round "-"]
[White "capablanca"]
[Black "smothered mate"]
[Result "0-1"]
[WhiteCountry "GER"]
[BlackCountry "POL"]
[WhiteElo "1659"]
[WhiteRD "62"]
[BlackElo "1967"]
[BlackRD "65"]
[GameID "306743"]

1. e4 c5 2. Nf3 a6 3. d4 cxd4 4. Nxd4 e5 5. Nf3 Nc6 6. Nc3 Bb4 7. Bd2 Nf6 8. Bd3 O-O 9. a3 Be7 10. Qe2 Re8
11. O-O-O b5 12. Nd5 b4 13. Nxb4 Bxb4 14. Bxb4 Nxb4 15. axb4 Qb6 16. c3 d6 17. Kc2 a5 18. bxa5 Rxa5 19. Ra1 Be6 20. Bc4 Bxc4
21. Qxc4 Qxf2+ 22. Kd3 Rc5 23. Qb4 d5 24. Rhf1 dxe4+
0-1

[Event "Rubistein"]
[Site "SchemingMind.com"]
[Date "2012.03.27"]
[Round "-"]
[White "capablanca"]
[Black "Francisco Aquino"]
[Result "1/2-1/2"]
[WhiteCountry "GER"]
[BlackCountry "BRA"]
[WhiteElo "1659"]
[WhiteRD "62"]
[BlackElo "1745"]
[BlackRD "68"]
[GameID "306744"]

1. e4 e5 2. Nf3 Nc6 3. Bc4 Nf6 4. d3 Be7 5. c3 O-O 6. O-O d5 7. exd5 Nxd5 8. Re1 Bg4 9. Nbd2 Nf4 10. Qc2 Bf6
11. h3 Bf5 12. Ne4 Re8 13. Be3 a6 14. b4 b5 15. Bxf4 exf4 16. Bb3 Ne5 17. Nxe5 Bxe5 18. Nc5 Qg5 19. Ne4 Bxe4 20. Rxe4 f3
21. Rg4 Qf6 22. d4 Bd6 23. g3 Re2 24. Qd3 Rae8 25. Kf1 Qe7 26. Qxf3 Re1+ 27. Rxe1 Qxe1+ 28. Kg2 Qe7 29. Bd5 g6 30. Bc6 Rf8
31. Re4 Qg5 32. Re8 h5 33. Rxf8+ Kxf8 34. Qe2 h4 35. g4 Qf4=
1/2-1/2

[Event "Rubistein"]
[Site "SchemingMind.com"]
[Date "2012.03.28"]
[Round "-"]
[White "capablanca"]
[Black "emvarela"]
[Result "0-1"]
[WhiteCountry "GER"]
[BlackCountry "ARG"]
[WhiteElo "1659"]
[WhiteRD "62"]
[BlackElo "1803"]
[BlackRD "48"]
[GameID "306745"]

1. e4 e5 2. Nf3 Nc6 3. Bc4 Bc5 4. c3 Nf6 5. d3 h6 6. O-O d6 7. h3 O-O 8. b4 Bb6 9. a4 a6 10. Be3 Bxe3
11. fxe3 Qe7 12. Nbd2 Be6 13. Bb3 Bxb3 14. Qxb3 b5 15. axb5 axb5 16. Rxa8 Rxa8 17. Qb2 d5 18. exd5 Nxd5 19. e4 Nf4 20. d4 exd4
21. cxd4 Nd3 22. Qc3 Ncxb4 23. d5 Qc5+ 24. Qxc5 Nxc5 25. Nd4 Ra2 26. N2f3 Nxe4 27. Nxb5 Nxd5 28. Ne5 Ne3
0-1

[Event "Rubistein"]
[Site "SchemingMind.com"]
[Date "2012.03.27"]
[Round "-"]
[White "keen"]
[Black "capablanca"]
[Result "1-0"]
[WhiteCountry "SCO"]
[BlackCountry "GER"]
[WhiteElo "1697"]
[WhiteRD "59"]
[BlackElo "1659"]
[BlackRD "62"]
[GameID "306747"]

1. e4 e5 2. Nf3 d6 3. d4 Bg4 4. dxe5 Bxf3 5. Qxf3 dxe5 6. Bc4 Nf6 7. Bg5 Be7 8. Nc3 O-O 9. Rd1 Qc8 10. O-O Nc6
11. h3 Nd4 12. Qg3 Nxe4 13. Nxe4 Bxg5 14. Qxg5 b5 15. Qxe5 c5 16. Bd5 Re8 17. Qh5
1-0

[Event "Rubistein"]
[Site "SchemingMind.com"]
[Date "2012.03.28"]
[Round "-"]
[White "fouche"]
[Black "capablanca"]
[Result "0-1"]
[WhiteCountry "COL"]
[BlackCountry "GER"]
[WhiteElo "1578"]
[WhiteRD "76"]
[BlackElo "1659"]
[BlackRD "62"]
[GameID "306748"]

1. d4 d5 2. c4 e6 3. Nc3 c5 4. cxd5 cxd4 5. Ne4 Qxd5 6. Ng3 Nf6 7. Nf3 Bb4+ 8. Bd2 Bxd2+ 9. Qxd2 e5 10. e4 Nxe4
11. Nxe4 Qxe4+ 12. Be2 O-O 13. O-O Nc6 14. Rfe1 Bg4 15. Nxe5 Nxe5 16. Bxg4 Qxg4 17. Rxe5 Rfe8 18. Rd5 Rad8 19. Rxd8 Rxd8 20. Rd1 d3
21. h3 Qh5 22. f3 h6 23. Qe3 Qb5 24. Rd2 b6 25. a4 Qxa4 26. Rxd3 Rxd3 27. Qxd3 Qa1+ 28. Kh2 Qxb2 29. Qd8+ Kh7 30. Qd3+ g6
0-1

[Event "Rubistein"]
[Site "SchemingMind.com"]
[Date "2012.03.27"]
[Round "-"]
[White "smothered mate"]
[Black "capablanca"]
[Result "1-0"]
[WhiteCountry "POL"]
[BlackCountry "GER"]
[WhiteElo "1967"]
[WhiteRD "65"]
[BlackElo "1659"]
[BlackRD "62"]
[GameID "306749"]

1. e4 e5 2. Nf3 Nc6 3. Bb5 f5 4. Nc3 fxe4 5. Nxe4 Nf6 6. d3 Nxe4 7. dxe4 Qf6 8. Bg5 Qg6 9. Qd5 a6 10. Bxc6 bxc6
11. Qxe5+ Qe6 12. Qxe6+ dxe6 13. O-O-O Be7 14. Bxe7 Kxe7 15. Ne5 Rf8 16. f3 Kf6 17. Nxc6 Bb7 18. e5+ Kf7 19. Rd7+ Kg8 20. Ne7+ Kh8
21. Rxc7 Rab8 22. Rd1 a5 23. Rdd7
1-0

[Event "Rubistein"]
[Site "SchemingMind.com"]
[Date "2012.03.27"]
[Round "-"]
[White "Francisco Aquino"]
[Black "capablanca"]
[Result "1/2-1/2"]
[WhiteCountry "BRA"]
[BlackCountry "GER"]
[WhiteElo "1745"]
[WhiteRD "68"]
[BlackElo "1659"]
[BlackRD "62"]
[GameID "306750"]

1. e4 e5 2. Nf3 d6 3. Nc3 Nf6 4. Bc4 Be7 5. O-O O-O 6. d4 Nbd7 7. Bg5 c6 8. Re1 h6 9. Bh4 Nb6 10. Bb3 Bg4
11. dxe5 dxe5 12. Qxd8 Raxd8 13. Nxe5 Be6 14. Bxe6 fxe6 15. Ng6 Rf7 16. e5 Nfd5 17. Nxe7+ Nxe7 18. Rad1 Rxd1 19. Rxd1 Nf5 20. Rd8+ Kh7
21. Bg3 Nc4 22. b3 Nxg3 23. hxg3 Nxe5 24. Rd4 Rd7 25. Re4 Ng6 26. Rxe6 Rd2 27. Re2 Rxe2 28. Nxe2 Ne7 29. f3 Kg6 30. Kf2 Kf6
31. c4 Ke5 32. g4 Ng6 33. g3 Nf8 34. f4+ Ke4 35. Nc1 Ne6 36. Ke2 Nd4+ 37. Kf2 g6 38. Ne2 Nc2 39. Nc1 c5 40. Ke2 Nb4
41. Kf2 a6=
1/2-1/2

[Event "Rubistein"]
[Site "SchemingMind.com"]
[Date "2012.03.28"]
[Round "-"]
[White "emvarela"]
[Black "capablanca"]
[Result "1/2-1/2"]
[WhiteCountry "ARG"]
[BlackCountry "GER"]
[WhiteElo "1778"]
[WhiteRD "48"]
[BlackElo "1647"]
[BlackRD "60"]
[GameID "306751"]

1. e4 e5 2. Nf3 Nc6 3. Bb5 Nf6 4. O-O Nxe4 5. d4 Nd6 6. Bxc6 dxc6 7. dxe5 Nf5 8. Qxd8+ Kxd8 9. Nc3 Bc5 10. Bg5+ Be7
11. Rad1+ Ke8 12. Bxe7 Kxe7 13. Ng5 h6 14. Nge4 b6 15. g4 Nh4 16. f3 Ng6 17. Ng3 Nf4 18. Nce2 Nxe2+ 19. Nxe2 Ba6 20. Rf2 Rad8
21. Nc3 Rxd1+ 22. Nxd1 Rd8 23. Ne3 g6 24. c4 Rd3 25. Re2 Bb7 26. b3 c5 27. Kf2 Ke6 28. f4 Be4 29. h4 f6 30. exf6 Kxf6
31. g5+ hxg5 32. hxg5+ Kf7 33. Ng4 Rf3+ 34. Ke1 Rxf4 35. Nh6+ Kg7 36. Rd2 Bf5 37. Nxf5+ gxf5 38. Rd7+ Kg6 39. Rxc7 Kxg5 40. Rxa7 Re4+
41. Kf2 Kf4 42. Ra6 Re6 43. a4 Rd6 44. a5 Rd2+ 45. Ke1 Ra2 46. Rxb6 Rxa5 47. Rb5 Rxb5 48. cxb5 Ke5 49. Ke2 Kd6 50. Ke3 Kc7
51. Kf4 Kb6 52. Kxf5 Kxb5 53. Ke4 Kb4=
1/2-1/2

[Event "Rubistein"]
[Site "SchemingMind.com"]
[Date "2012.03.31"]
[Round "-"]
[White "wiktor"]
[Black "capablanca"]
[Result "0-1"]
[WhiteCountry "POL"]
[BlackCountry "GER"]
[WhiteElo "1580"]
[WhiteRD "76"]
[BlackElo "1659"]
[BlackRD "62"]
[GameID "307068"]

1. c4 e6 2. a3 d5 3. e3 c5 4. Nc3 Nc6 5. cxd5 exd5 6. Qf3 Nf6 7. h3 Ne5 8. Qg3 Ng6 9. b3 Bd6 10. Bb5+ Bd7
11. Qxd6 Bxb5 12. Qxd8+ Rxd8 13. Nxb5 a6 14. Nc3 O-O 15. Nf3 Rfe8 16. O-O Ne4 17. Nxe4 dxe4 18. Nh2 Ne5 19. Ng4 Nd3 20. f4 f5
21. Ra2 Nxc1 22. Rxc1 fxg4
0-1

[Event "Rubistein"]
[Site "SchemingMind.com"]
[Date "2012.04.01"]
[Round "-"]
[White "wiktor"]
[Black "fouche"]
[Result "0-1"]
[WhiteCountry "POL"]
[BlackCountry "COL"]
[WhiteElo "1580"]
[WhiteRD "76"]
[BlackElo "1578"]
[BlackRD "76"]
[GameID "307070"]

1. c4 Nf6 2. Nc3 e6 3. a3 d5 4. e3 c5 5. Nf3 Bd6 6. b3 O-O 7. Bb2 a6 8. Qc2 Nc6 9. Na4 Bd7 10. Ng5 h6
11. Bxf6 hxg5 12. Bxd8 Raxd8 13. cxd5 exd5
0-1

[Event "Rubistein"]
[Site "SchemingMind.com"]
[Date "2012.03.31"]
[Round "-"]
[White "wiktor"]
[Black "smothered mate"]
[Result "0-1"]
[WhiteCountry "POL"]
[BlackCountry "POL"]
[WhiteElo "1580"]
[WhiteRD "76"]
[BlackElo "1967"]
[BlackRD "65"]
[GameID "307071"]

1. c4 e6 2. a3 d5 3. e3 c5 4. Nf3 Nc6 5. Nc3 Nf6 6. d4 Be7 7. cxd5 exd5 8. Bb5 O-O 9. Bxc6 bxc6 10. O-O cxd4
11. Nxd4 Qd6 12. h3 a6 13. Qa4 c5 14. Ndb5 Qc6
0-1

[Event "Rubistein"]
[Site "SchemingMind.com"]
[Date "2012.03.31"]
[Round "-"]
[White "wiktor"]
[Black "emvarela"]
[Result "0-1"]
[WhiteCountry "POL"]
[BlackCountry "ARG"]
[WhiteElo "1580"]
[WhiteRD "76"]
[BlackElo "1803"]
[BlackRD "48"]
[GameID "307073"]

1. c4 c5 2. Nc3 Nc6 3. e4 g6 4. Nf3 Bg7 5. Nd5 Nf6 6. d3 d6 7. Qa4 Bd7 8. Qb3 Nxd5 9. exd5 Na5 10. Qc2 O-O
11. Bd2 b5 12. a3 bxc4 13. dxc4 Rb8
0-1

[Event "Rubistein"]
[Site "SchemingMind.com"]
[Date "2012.03.31"]
[Round "-"]
[White "keen"]
[Black "wiktor"]
[Result "1-0"]
[WhiteCountry "SCO"]
[BlackCountry "POL"]
[WhiteElo "1697"]
[WhiteRD "59"]
[BlackElo "1580"]
[BlackRD "76"]
[GameID "307076"]

1. d4 e6 2. c4 c5 3. Nf3 Nc6 4. e3 Nf6 5. Nc3 cxd4 6. exd4 Bb4 7. Bd3 Bxc3+ 8. bxc3 O-O 9. Bg5 h6 10. Bh4 Re8
11. O-O d6 12. h3 e5 13. Bc2 b6 14. Re1 g5 15. Nxg5 hxg5 16. Bxg5 Be6 17. d5
1-0

[Event "Rubistein"]
[Site "SchemingMind.com"]
[Date "2012.04.01"]
[Round "-"]
[White "fouche"]
[Black "wiktor"]
[Result "1-0"]
[WhiteCountry "COL"]
[BlackCountry "POL"]
[WhiteElo "1578"]
[WhiteRD "76"]
[BlackElo "1580"]
[BlackRD "76"]
[GameID "307077"]

1. Nf3 c5 2. d4 e6 3. e4 Nc6 4. Bb5 cxd4 5. Bxc6 dxc6 6. Qxd4 Qxd4 7. Nxd4 Bc5 8. Be3 e5 9. Nb5 cxb5 10. Bxc5 b6
11. Bd6 f6 12. Nc3 Ba6 13. O-O-O
1-0

[Event "Rubistein"]
[Site "SchemingMind.com"]
[Date "2012.03.31"]
[Round "-"]
[White "smothered mate"]
[Black "wiktor"]
[Result "1-0"]
[WhiteCountry "POL"]
[BlackCountry "POL"]
[WhiteElo "1967"]
[WhiteRD "65"]
[BlackElo "1580"]
[BlackRD "76"]
[GameID "307078"]

1. e4 c5 2. Nf3 a6 3. a4 Nc6 4. c3 e5 5. Be2 Nf6 6. Qc2 Qa5 7. Na3 Qc7 8. d3 d6 9. h3 Be6 10. Be3 Be7
11. b4 cxb4 12. cxb4 Rc8 13. b5 axb5 14. axb5 Nb4 15. Qxc7 Rxc7 16. Kd2 O-O 17. Bb6 Rcc8 18. Ba5 d5 19. Nxe5
1-0

[Event "Rubistein"]
[Site "SchemingMind.com"]
[Date "2012.03.31"]
[Round "-"]
[White "Francisco Aquino"]
[Black "wiktor"]
[Result "1-0"]
[WhiteCountry "BRA"]
[BlackCountry "POL"]
[WhiteElo "1745"]
[WhiteRD "68"]
[BlackElo "1580"]
[BlackRD "76"]
[GameID "307079"]

1. e4 c5 2. Nf3 Nc6 3. d4 Qa5+ 4. Nc3 cxd4 5. Nxd4 Nf6 6. Nb3 Qd8 7. Bg5 e6 8. Bb5 Be7 9. Qf3 Ne5 10. Qe2 a6
11. Bd3 h6 12. Bf4 Qc7 13. Bxe5 Qxe5 14. O-O-O Bb4 15. Nb1 O-O 16. g3 a5 17. f4 Qc7 18. a3 a4 19. Nd4 Qc5 20. Nf3 Ba5
21. Bb5 Bb6 22. Rhe1 Nxe4 23. Bxd7
1-0

[Event "Rubistein"]
[Site "SchemingMind.com"]
[Date "2012.03.31"]
[Round "-"]
[White "emvarela"]
[Black "wiktor"]
[Result "1-0"]
[WhiteCountry "ARG"]
[BlackCountry "POL"]
[WhiteElo "1803"]
[WhiteRD "48"]
[BlackElo "1580"]
[BlackRD "76"]
[GameID "307080"]

1. e4 c5 2. Nf3 a6 3. d4 e6 4. Nc3 cxd4 5. Nxd4 Bc5 6. Nb3 Ba7 7. Bd3 Nc6 8. Qe2 h6 9. Be3 Nf6 10. O-O-O d5
11. exd5 Bxe3+ 12. fxe3
1-0

[Event "Rubistein"]
[Site "SchemingMind.com"]
[Date "2012.04.08"]
[Round "-"]
[White "agarr"]
[Black "keen"]
[Result "0-1"]
[WhiteCountry "RUS"]
[BlackCountry "SCO"]
[WhiteElo "1845"]
[WhiteRD "67"]
[BlackElo "1697"]
[BlackRD "59"]
[GameID "307862"]

1. e4 e5 2. Nf3 Nc6 3. Bc4 Bc5 4. c3 Nf6 5. d4 exd4 6. cxd4 Bb4+ 7. Nc3 O-O 8. e5 Ne4 9. O-O Nxc3 10. bxc3 Bxc3
11. Rb1 d6 12. Ba3 Re8 13. Qb3 Bxd4 14. Bxf7+ Kh8 15. Bxe8 Qxe8 16. exd6 cxd6 17. Bxd6 Bf6 18. Rfe1 Qh5 19. Rb2 Bxb2 20. Ng5 h6
21. Nf7+ Kh7 22. Qxb2 Qxf7 23. a3 Bf5 24. f3 Rd8 25. Bc5 Qd5
0-1

[Event "Rubistein"]
[Site "SchemingMind.com"]
[Date "2012.04.08"]
[Round "-"]
[White "agarr"]
[Black "fouche"]
[Result "1-0"]
[WhiteCountry "RUS"]
[BlackCountry "COL"]
[WhiteElo "1845"]
[WhiteRD "67"]
[BlackElo "1578"]
[BlackRD "76"]
[GameID "307863"]

1. e4 e6 2. d4 d5 3. exd5 exd5 4. Nf3 Bg4 5. Bd3 Nf6 6. O-O Bd6 7. Bg5 O-O 8. Nbd2 Nbd7 9. c3 Qc8 10. Qc2 h6
11. Bh4 c5 12. Bxf6 Nxf6 13. Ne5 Bd7 14. Nxd7 Qxd7 15. dxc5 Bxc5 16. Nb3 Bb6 17. Rad1 Rad8 18. Bf5 Qc7 19. Rd2
1-0

[Event "Rubistein"]
[Site "SchemingMind.com"]
[Date "2012.04.08"]
[Round "-"]
[White "agarr"]
[Black "smothered mate"]
[Result "0-1"]
[WhiteCountry "RUS"]
[BlackCountry "POL"]
[WhiteElo "1845"]
[WhiteRD "67"]
[BlackElo "1967"]
[BlackRD "65"]
[GameID "307864"]

1. e4 c5 2. Nf3 d6 3. Bc4 a6 4. d3 h6 5. Nc3 e6 6. a4 Nf6 7. e5 dxe5 8. Nxe5 Be7 9. Be3 O-O 10. O-O Nbd7
11. Nxd7 Bxd7 12. Ne4 Rc8 13. Bb3 Nxe4 14. dxe4 c4 15. Ba2 Bxa4 16. b3 Bb5 17. bxc4 Bxc4 18. Bxc4 Rxc4 19. Qd3 Qc8 20. Rfb1 Rd8
21. Qb3 Rxc2 22. Qxb7 Rd1+
0-1

[Event "Rubistein"]
[Site "SchemingMind.com"]
[Date "2012.04.09"]
[Round "-"]
[White "agarr"]
[Black "Francisco Aquino"]
[Result "1-0"]
[WhiteCountry "RUS"]
[BlackCountry "BRA"]
[WhiteElo "1845"]
[WhiteRD "67"]
[BlackElo "1745"]
[BlackRD "68"]
[GameID "307865"]

1. e4 e5 2. Nf3 Nc6 3. Bc4 Nf6 4. d3 Bc5 5. Bg5 h6 6. Bh4 d6 7. Nbd2 Bg4 8. c3 g5 9. Bg3 Qe7 10. b4 Bb6
11. a4 a6 12. Qb3 Rf8 13. h4 gxh4 14. Rxh4 h5 15. Ng5 Nd8 16. f3 Be6 17. Nxe6 Nxe6 18. O-O-O O-O-O 19. a5 Be3 20. Kc2 Bf4
21. Bf2 Bxd2 22. Kxd2 Nf4 23. g3 d5 24. exd5 N4xd5 25. Bc5 Qd7 26. Bxf8 Rxf8 27. Bxd5 Nxd5 28. Rxh5 f6 29. Rdh1 Qc6 30. Rh8 Rxh8
31. Rxh8+ Kd7 32. c4 Ne7 33. Ke2 Nf5 34. Kf2 Nd4 35. Qd1 Qd6 36. Qa4+ Nc6 37. b5 Qd4+ 38. Kg2 axb5 39. Qxb5 Qxd3 40. Qxb7 Qe2+
41. Kh3 Qf1+ 42. Kg4 Qxc4+ 43. f4 Qe6+ 44. Kh4 exf4 45. Rh7+ Ne7 46. Qb5+ Kd6 47. Qb4+ c5 48. Qb6+ Nc6 49. Qc7+ Kd5 50. Rd7+ Kc4
51. Qxf4+ Nd4 52. Qc1+ Kb5 53. Rb7+ Ka6 54. Rb6+ Qxb6 55. axb6 Kxb6 56. Qc4 Nf5+ 57. Kh3 Nd4 58. Kg4 f5+ 59. Kf4 Kc6 60. Ke5 Nf3+
61. Kxf5 Nd4+ 62. Ke4 Kb6 63. Kd5
1-0

[Event "Rubistein"]
[Site "SchemingMind.com"]
[Date "2012.04.08"]
[Round "-"]
[White "agarr"]
[Black "emvarela"]
[Result "1-0"]
[WhiteCountry "RUS"]
[BlackCountry "ARG"]
[WhiteElo "1845"]
[WhiteRD "67"]
[BlackElo "1803"]
[BlackRD "48"]
[GameID "307866"]

1. e4 e5 2. Nf3 Nc6 3. Bc4 Bc5 4. c3 Nf6 5. d4 exd4 6. e5 d5 7. exd6 Qxd6 8. O-O O-O 9. Bg5 Bg4 10. Nbd2 dxc3
11. bxc3 Ne5 12. Qb3 Bxf3 13. Nxf3 Nxf3+ 14. gxf3 b6 15. Rad1 Qc6 16. Bd5 Nxd5 17. Qxd5 Qg6 18. Kh1 h6 19. Bf4
1-0

[Event "Rubistein"]
[Site "SchemingMind.com"]
[Date "2012.04.08"]
[Round "-"]
[White "agarr"]
[Black "wiktor"]
[Result "1-0"]
[WhiteCountry "RUS"]
[BlackCountry "POL"]
[WhiteElo "1845"]
[WhiteRD "67"]
[BlackElo "1580"]
[BlackRD "76"]
[GameID "307867"]

1. e4 e5 2. Nf3 Bd6 3. Bc4 h6 4. c3 Nf6 5. d4 Qe7 6. dxe5 Bxe5 7. Nxe5 Qxe5 8. O-O O-O 9. Re1 d6 10. h3 Nbd7
11. f4 Qc5+ 12. Qd4 Qxd4+ 13. cxd4
1-0

[Event "Rubistein"]
[Site "SchemingMind.com"]
[Date "2012.04.08"]
[Round "-"]
[White "capablanca"]
[Black "agarr"]
[Result "0-1"]
[WhiteCountry "GER"]
[BlackCountry "RUS"]
[WhiteElo "1659"]
[WhiteRD "62"]
[BlackElo "1845"]
[BlackRD "67"]
[GameID "307869"]

1. e4 e5 2. Nf3 Nc6 3. Bc4 Bc5 4. c3 Nf6 5. b4 Bb6 6. d3 h6 7. a4 a6 8. a5 Ba7 9. O-O d6 10. Be3 Be6
11. Ba2 Bxa2 12. Rxa2 O-O 13. Bxa7 Rxa7 14. Nbd2 Nh7 15. Nc4 Ra8 16. Ne3 Ne7 17. Nh4 c6 18. Nhf5 Nxf5 19. Nxf5 d5 20. exd5 cxd5
21. c4 Nf6 22. c5 Qd7 23. Nd6 Ne8 24. Nxe8 Rfxe8 25. Re1 f6 26. Rae2 Qb5 27. Qb3 Rad8 28. d4 exd4 29. Rxe8+ Rxe8 30. Qxd5+ Kh8
31. Rxe8+ Qxe8 32. g3 Qe1+ 33. Kg2 Qxb4 34. c6 bxc6 35. Qxc6 Qxa5 36. Qa8+ Kh7 37. Qe4+ f5 38. Qxd4 Qb5
0-1

[Event "Rubistein"]
[Site "SchemingMind.com"]
[Date "2012.04.09"]
[Round "-"]
[White "keen"]
[Black "agarr"]
[Result "0-1"]
[WhiteCountry "SCO"]
[BlackCountry "RUS"]
[WhiteElo "1697"]
[WhiteRD "59"]
[BlackElo "1845"]
[BlackRD "67"]
[GameID "307870"]

1. d4 d5 2. c4 e6 3. Nc3 Nf6 4. Nf3 Bb4 5. Bg5 Nc6 6. cxd5 exd5 7. e3 O-O 8. Be2 Bxc3+ 9. bxc3 Qd6 10. O-O Ne4
11. Bf4 Qe7 12. Ne1 Nxc3 13. Qc2 Nxe2+ 14. Qxe2 Nxd4 15. Qb2 Ne6 16. Be5 f6 17. Bg3 Ng5 18. Rc1 Ne6 19. Nf3 b6 20. Rfd1 Bb7
21. Nd4 Nxd4 22. Rxc7 Qe6 23. Rxb7 Nf5 24. Bf4 g5 25. Bg3 Rfe8 26. Qb5 Nxg3 27. hxg3 Red8 28. Rc1 Rac8 29. Rcc7 Rxc7 30. Rxc7 a5
31. Qd3 Rd7 32. Rc8+ Kg7 33. Qc2 d4 34. exd4 Rxd4 35. Rc7+ Rd7 36. Rc6 Qe1+ 37. Kh2 Qd1 38. Qb2 Qh5+
0-1

[Event "Rubistein"]
[Site "SchemingMind.com"]
[Date "2012.04.08"]
[Round "-"]
[White "fouche"]
[Black "agarr"]
[Result "0-1"]
[WhiteCountry "COL"]
[BlackCountry "RUS"]
[WhiteElo "1578"]
[WhiteRD "76"]
[BlackElo "1845"]
[BlackRD "67"]
[GameID "307871"]

1. e4 e5 2. Nc3 Bb4 3. d3 d6 4. f4 Nf6 5. Nf3 exf4 6. Bxf4 Bg4 7. Be2 O-O 8. Qd2 d5 9. exd5 Nxd5 10. Bg5 f6
11. Bh4 Re8 12. O-O Nxc3 13. bxc3 Bxc3 14. Qxc3 Rxe2 15. Qc4+ Be6 16. Qc3 Nc6 17. Rae1 Rxe1 18. Rxe1 Qd7
0-1

[Event "Rubistein"]
[Site "SchemingMind.com"]
[Date "2012.04.08"]
[Round "-"]
[White "smothered mate"]
[Black "agarr"]
[Result "1/2-1/2"]
[WhiteCountry "POL"]
[BlackCountry "RUS"]
[WhiteElo "1981"]
[WhiteRD "67"]
[BlackElo "1854"]
[BlackRD "66"]
[GameID "307872"]

1. d4 d5 2. Bg5 Nf6 3. Nd2 Bf5 4. e3 e6 5. c3 Be7 6. Ngf3 O-O 7. Qb3 b6 8. Be2 h6 9. Bh4 Ne4 10. Bxe7 Qxe7
11. Ne5 Nxd2 12. Kxd2 f6 13. Nd3 c5 14. Qa3 Nd7 15. h4 e5 16. g4 Bxd3 17. Bxd3 e4 18. Bb5 Rfc8 19. Qa4 Nf8 20. Bc6 Rab8
21. Bxd5+ Kh8 22. Qc2 cxd4 23. exd4 Qd6 24. Bxe4 Qf4+ 25. Ke2 Ne6 26. Rad1 Qxg4+ 27. Kf1 Nf4 28. f3 Qg3 29. Qf2 Qxf2+ 30. Kxf2 Rd8
31. d5 Rd6 32. h5 f5 33. Bxf5 Rxd5 34. Rxd5 Nxd5 35. Rd1 Nf6 36. Bg6 Kg8 37. Rd6 Kf8 38. Re6 Rd8 39. Ke2 Rd7 40. c4 Re7
41. Rxe7 Kxe7 42. b4 Kd6 43. Ke3 Ke5 44. a4 a5 45. bxa5 bxa5 46. f4+ Kd6 47. Kd4 Nd7 48. Be8 Nc5 49. Bb5 Ne6+ 50. Ke3 Nf8
51. Ke4 Nh7 52. Kf5 Nf6 53. Kg6 Ke6 54. Kxg7 Nxh5+ 55. Kxh6 Nxf4 56. Kg5 Nd3 57. Kg4 Kd6 58. Kf5 Kc5 59. Ke4 Nb2 60. Ke3=
1/2-1/2

[Event "Rubistein"]
[Site "SchemingMind.com"]
[Date "2012.04.09"]
[Round "-"]
[White "Francisco Aquino"]
[Black "agarr"]
[Result "0-1"]
[WhiteCountry "BRA"]
[BlackCountry "RUS"]
[WhiteElo "1745"]
[WhiteRD "68"]
[BlackElo "1845"]
[BlackRD "67"]
[GameID "307873"]

1. e4 e5 2. Nf3 Nc6 3. Bb5 Bc5 4. c3 d6 5. d4 exd4 6. cxd4 Bb4+ 7. Nc3 Bd7 8. O-O Nge7 9. Bg5 O-O 10. a3 Ba5
11. b4 Bb6 12. Re1 f6 13. Bh4 Bg4 14. d5 Ne5 15. Be2 N7g6 16. Bg3 Nxf3+ 17. Bxf3 Bxf3 18. Qxf3 Ne5 19. Bxe5 fxe5 20. Qg4 Bxf2+
21. Kh1 Bxe1 22. Rxe1 Rf4 23. Qe6+ Kh8 24. g3 Rf3 25. Rc1 Qf8 26. Qh3 a6 27. Kg1 Rc8 28. Qg2 c5 29. dxc6 Rxc6 30. Qd2 Qc8
31. Ne2 Rxc1+ 32. Nxc1 Qc3 33. Qxd6 Qxc1+
0-1

[Event "Rubistein"]
[Site "SchemingMind.com"]
[Date "2012.04.08"]
[Round "-"]
[White "emvarela"]
[Black "agarr"]
[Result "1-0"]
[WhiteCountry "ARG"]
[BlackCountry "RUS"]
[WhiteElo "1778"]
[WhiteRD "48"]
[BlackElo "1854"]
[BlackRD "66"]
[GameID "307874"]

1. e4 e5 2. Nf3 Nc6 3. Bb5 Bc5 4. c3 Nge7 5. O-O O-O 6. d4 exd4 7. cxd4 Bb6 8. d5 Nb4 9. a3 Na6 10. Bxa6 bxa6
11. Nc3 d6 12. Qe2 Bb7 13. Be3 f5 14. Bxb6 axb6 15. Rfe1 fxe4 16. Qxe4 Ng6 17. Qe6+ Kh8 18. Re3 Rf6 19. Qg4 Qf8 20. Rae1 Nf4
21. Re7 Rf7 22. Qd7 Rxe7 23. Rxe7 Bxd5 24. Ng5 Ng6 25. Nxd5 Nxe7 26. Qxe7 Qxe7 27. Nxe7 g6 28. Nd5 Re8 29. Ne3 Kg7 30. Nf3 Re4
31. Kf1 c6 32. Nd2 Rd4 33. Ke2 d5 34. h3 Rf4 35. g3 Rf6 36. f4 d4 37. Nec4 b5 38. Ne5 c5 39. Ne4 Rf8 40. Nxc5 Rc8
41. Ne6+ Kf6 42. Nxd4 g5 43. Ng4+ Kg6 44. f5+
1-0

[Event "Rubistein"]
[Site "SchemingMind.com"]
[Date "2012.04.09"]
[Round "-"]
[White "wiktor"]
[Black "agarr"]
[Result "0-1"]
[WhiteCountry "POL"]
[BlackCountry "RUS"]
[WhiteElo "1580"]
[WhiteRD "76"]
[BlackElo "1845"]
[BlackRD "67"]
[GameID "307875"]

1. c4 e5 2. a3 Nf6 3. Nc3 d5 4. e3 d4 5. exd4 exd4 6. Nce2 c5 7. Qa4+ Nc6 8. d3 Be7 9. g3 Qa5+ 10. Qxa5 Nxa5
11. Bg2 Nb3
0-1

[Event "Rubistein"]
[Site "SchemingMind.com"]
[Date "2012.04.14"]
[Round "-"]
[White "Derek"]
[Black "capablanca"]
[Result "1-0"]
[WhiteCountry "INT"]
[BlackCountry "GER"]
[WhiteElo "1729"]
[WhiteRD "96"]
[BlackElo "1659"]
[BlackRD "62"]
[GameID "308248"]

1. d4 d5 2. c4 dxc4 3. e3 Nf6 4. Nf3 e6 5. Bxc4 c5 6. O-O cxd4 7. Nxd4 Bd6 8. Nb5 Be7 9. Qxd8+ Bxd8 10. Nd6+ Kd7
11. Rd1 Nd5 12. Nxf7 Rf8 13. Nxd8 Kxd8 14. e4
1-0

[Event "Rubistein"]
[Site "SchemingMind.com"]
[Date "2012.04.15"]
[Round "-"]
[White "Derek"]
[Black "agarr"]
[Result "0-1"]
[WhiteCountry "INT"]
[BlackCountry "RUS"]
[WhiteElo "1729"]
[WhiteRD "96"]
[BlackElo "1845"]
[BlackRD "67"]
[GameID "308249"]

1. d4 d5 2. c4 c6 3. Nc3 Bf5 4. e3 e6 5. g4 Bg6 6. Nf3 dxc4 7. Bxc4 Nf6 8. Ne5 Bd6 9. g5 Bxe5 10. dxe5 Nd5
11. Nxd5 exd5 12. Bf1 Qxg5 13. f4 Qh4+ 14. Kd2 Be4 15. Be2 Bxh1 16. Qxh1 Qf2 17. Kd3 Nd7 18. b4 O-O-O 19. Bd2 Qh4 20. Be1 Qe7
21. h4 c5 22. h5 c4+ 23. Kc3 f6 24. Qxd5 Nb6 25. Qa5 Kb8 26. Bxc4 Rc8
0-1

[Event "Rubistein"]
[Site "SchemingMind.com"]
[Date "2012.04.16"]
[Round "-"]
[White "Derek"]
[Black "fouche"]
[Result "1-0"]
[WhiteCountry "INT"]
[BlackCountry "COL"]
[WhiteElo "1737"]
[WhiteRD "85"]
[BlackElo "1567"]
[BlackRD "79"]
[GameID "308251"]

1. d4 Nf6 2. Nf3 e6 3. c4 c5 4. d5 d6 5. Nc3 Be7 6. e4 e5 7. h3 a6 8. Be2 Bd7 9. Qb3 Qc8 10. Bd3 O-O
11. Na4 Bxa4 12. Qxa4 Nbd7 13. Bd2 Nb6 14. Qb3 Qc7 15. Ba5 Bd8 16. Bxb6 Qxb6 17. Nd2 a5 18. Qxb6= Bxb6 19. a4 Nd7 20. Nb1 Bd8
21. Nc3 b6 22. Nb5 Be7 23. O-O-O g6 24. g3 f5 25. f3 Rac8 26. exf5 gxf5 27. g4 fxg4 28. hxg4 Rf7 29. Bf5 Rd8 30. Be6 Nf6
31. Bxf7+ Kxf7 32. g5 Nxd5 33. Rxd5 Bxg5+ 34. Kc2 Ke6 35. Rxh7
1-0

[Event "Rubistein"]
[Site "SchemingMind.com"]
[Date "2012.04.16"]
[Round "-"]
[White "Derek"]
[Black "smothered mate"]
[Result "0-1"]
[WhiteCountry "INT"]
[BlackCountry "POL"]
[WhiteElo "1729"]
[WhiteRD "96"]
[BlackElo "1967"]
[BlackRD "65"]
[GameID "308252"]

1. d4 d5 2. c4 e6 3. Nc3 c5 4. cxd5 exd5 5. Nf3 Nc6 6. g3 c4 7. Bg2 Bb4 8. Bd2 Nge7 9. O-O O-O 10. Qc2 Bf5
11. Qd1 h6 12. Re1 Bxc3 13. bxc3 b5 14. a3 Na5 15. Nh4 Bh7 16. Bf3 Nb3 17. Ra2 g5 18. Ng2 f5 19. Rb2 g4
0-1